000
00359nam a2200169Ia 4500
100
_a
Baron/Joe/ Baz/Hisham
650
_a
AWS
942
_c
BK
366
_f
20
654
_a
AWS
245
_a
AWS Certified solutions architect official study guide
260
_b
Sybex
_c
2017
082
_a
5.74
_b
BAR
300
_a
455
546
_a
ENGLISH
999
_c
33431
_d
33431